Фантазёры; Веселая семейка; Приключения Незнайки и его друзей

Dades bibliogràfiques
Autor principal: Носов Н. Н. Николай Николаевич
Altres autors: Валёк Г. (иллюстратор)
Sumari:В седьмой выпуск "Подарка" вошли произведения Н. Носова: рассказы, объединённые общим названием "Фантазёры", повесть "Весёлая семейка", роман-сказка для детей "Приключения Незнайки и его друзей"
Idioma:rus
Publicat: Москва, Детская литература, 1988
Col·lecció:Подарок Вып. 7
Matèries:
Format: MixedMaterials Llibre
KOHA link:https://koha.lib.tpu.ru/cgi-bin/koha/opac-detail.pl?biblionumber=194354

MARC

LEADER 00000nam0a2200000 4500
001 194354
005 20231101224541.0
010 |a 5080004398 
035 |a (RuTPU)RU\TPU\book\211976 
090 |a 194354 
100 |a 20110413d1988 c y0rusy50 ca 
101 0 |a rus 
102 |a RU 
105 |a a z 001ay 
200 1 |a Фантазёры  |a Веселая семейка  |a Приключения Незнайки и его друзей  |f Н. Н. Носов  |g худож. Г. Валёк 
210 |a Москва  |c Детская литература  |d 1988 
215 |a 368 с.  |c ил. 
225 1 |a Подарок  |v Вып. 7 
330 |a В седьмой выпуск "Подарка" вошли произведения Н. Носова: рассказы, объединённые общим названием "Фантазёры", повесть "Весёлая семейка", роман-сказка для детей "Приключения Незнайки и его друзей" 
606 1 |a Русская литература современная  |2 stltpush  |3 (RuTPU)RU\TPU\subj\26373  |9 50316 
610 1 |a детская литература 
610 1 |a повести 
610 1 |a сказки 
610 1 |a рассказы 
675 |a Р2  |v 3 
700 1 |a Носов  |b Н. Н.  |g Николай Николаевич 
702 1 |a Валёк  |b Г.  |4 440 
801 1 |a RU  |b 63413507  |c 20110413 
801 2 |a RU  |b 63413507  |c 20210607  |g RCR 
942 |c BK